000 00611nam a2200181Ia 4500
003 GCL
008 140319s9999 xx 000 0 ara d
040 _aGCL /
_cGCL
082 0 4 _aد
_b050
100 1 _aمحمد عبدالستار عثمان
245 1 0 _aالمدينة الاسلامية ( عالم المعرفة 128 ) /
_cمحمد عبدالستار عثمان
300 _a415 ص
490 _aعالم المعرفة
_v0
650 0 4 _aالاسلام والمجتمع
650 0 4 _aالاسلام والاصلاح الاجتماعى
650 0 4 _aالشريعة الاسلامية
942 _2ddc
_cBK
999 _c50263
_d50263